Guía Riesgo País 2004 /
Obra de referencia en que se ofrece una calificación de múltiples naciones, sobre la confiabilidad, estabilidad y nivel de riesgo que presentan sus economías. Su objetivo es servir como fundamento para la toma de decisiones para la exportación, el lanzamiento de proyectos o la inversión en países ex...
Shranjeno v:
| Format: | Knjiga |
|---|---|
| Jezik: | španščina |
| Izdano: |
Barcelona, España : París, Francia :
Deusto ; Grupo Coface,
2004, c2004
|
| Teme: | |
| Oznake: |
Brez oznak, prvi označite!
|
MARC
| LEADER | 00000nam^a2200000^a^4500 | ||
|---|---|---|---|
| 001 | 000182653 | ||
| 005 | 20250521000000.0 | ||
| 009 | 20260310102014.117 | ||
| 020 | |a 84-234-3485-0 | ||
| 037 | |a Acervo ITESO - Biblioteca | ||
| 041 | |a ESP | ||
| 082 | |a 382. 03 |b GUI 2004 | ||
| 240 | 1 | 1 | |a [Guía Riesgo País] |
| 245 | 0 | 0 | |a Guía Riesgo País 2004 / |c Pról. de François David. |
| 264 | 4 | |a Barcelona, España : |b Deusto ; |a París, Francia : |b Grupo Coface, |c 2004, c2004 | |
| 300 | |a 442 p. | ||
| 336 | |a texto |b txt |2 rdacontenido | ||
| 337 | |a sin mediación |b n |2 rdamedio | ||
| 338 | |a volumen |b nc |2 rdasoporte | ||
| 520 | |a Obra de referencia en que se ofrece una calificación de múltiples naciones, sobre la confiabilidad, estabilidad y nivel de riesgo que presentan sus economías. Su objetivo es servir como fundamento para la toma de decisiones para la exportación, el lanzamiento de proyectos o la inversión en países expuestos al riesgo. | ||
| 649 | |a XX | ||
| 650 | |a Indicadores Económicos | ||
| 650 | |a Riesgo Económico | ||
| 650 | |a Desarrollo Económico-Social | ||
| 650 | |a Negocios en Internet | ||
| 650 | |a Exportaciones | ||
| 650 | |a Suspensión de Pagos | ||
| 650 | |a Deudor y Acreedor | ||
| 650 | |a Deuda Externa | ||
| 650 | |a Balanza de Pagos | ||
| 650 | |a Crédito | ||
| 650 | |a Bancos y Operaciones Bancarias | ||
| 650 | |a Política Comercial | ||
| 650 | |a Política Económica | ||
| 650 | |a Comercio Internacional | ||
| 650 | |a Finanzas | ||
| 650 | |a Macroeconomía | ||
| 650 | |a Economía Internacional - |x Historia - |y 2000-2009 | ||
| 650 | |a Economía Internacional - |x Historia - |y 2000-2009 | ||
| 910 | |a Fondo General | ||
| 920 | |a Impresos - Libros | ||
| 930 | |a Obras de Referencia | ||
| 905 | |a 102 | ||
| 901 | |a 0500122694 |b IT2 |c REF |u 20250521 | ||
| 902 | |a https://opac.biblio.iteso.mx/vufind/Record/000182653 | ||